000 00375 a2200169 4500
001 191491
020 _a978-85-7687-780-6
040 _cMagnum
100 _aRoberts, Nora
240 1 0 _aOs O´Hurley Maddy
_lpor
245 1 0 _aOs O´Hurley Maddy
300 _a308
362 0 _a2009
440 1 _aHarlequin Books
697 _aLITERATURA GERAL ESTRANGEIRA
942 _cBK
999 _c191491
_d191491